• 首页
  • 本馆介绍
  • 公告通知
  • 最新文献
  • 馆藏检索
  • 电子资源
  • 读者导购
  • 参考咨询
  • 我的图书馆
  • 登录
  • 详细信息显示
  • 放入我的书架
  • 预约/预借图书
  • 作者相关作品
  • 分类相关作品
  • 丛书相关作品
  • 出版社相关作品

书目信息

  • 表格格式
  • 工作单格式
  • 卡片格式
题名:
广东省海洋经济重大问题研究
    
 
作者: 徐质斌 , 张莉 著
分册:  
出版信息: 北京   海洋出版社  2006
页数: 10,396页
开本: 21cm
丛书名:
单 册:
中图分类: F127.65
科图分类:
主题词: 海洋开发--经济发展战略--研究--广东省 , 海洋开发 , 经济发展战略
电子资源:
ISBN: 7-5027-6547-6
000 00969nam0 2200277 450
001 003153623
005 20070807144925.60
010    @a7-5027-6547-6@dCNY36.00
035    @a003153623
100    @a20060426d2006 emky0chiy0110 ea
101 0  @achi
102    @aCN@b110000
105    @ay z 000yy
106    @ar
200 1  @a广东省海洋经济重大问题研究@Aguang dong sheng hai yang jing ji zhong da wen ti yan jiu@f徐质斌,张莉著@Fxu zhi bin, zhang li zhu
210    @a北京@c海洋出版社@d2006
215    @a10,396页@d21cm
330    @a本书主要探究国内外海洋开发趋势与广东省战略选择、广东省海洋产业升级及经济结构优化、广东省海洋经济统计与核算研究、南珠产业可持续发展战略研究等内容。
606 0  @a海洋开发@x经济发展战略@x研究@y广东省
606 0  @a海洋开发
606 0  @a经济发展战略
690    @aF127.65@v4
701  0 @a徐质斌@Axu zhi bin@f(1946~)@4著
701  0 @a张莉@Azhang li@c(女,海洋经济)@4著
801  0 @aCN@bNLC@c20070807
905    @dF127.65@e116@f2
    
    广东省海洋经济重大问题研究/徐质斌,张莉著.-北京:海洋出版社,2006
    10,396页;21cm
    
    
    ISBN 7-5027-6547-6:CNY36.00
    本书主要探究国内外海洋开发趋势与广东省战略选择、广东省海洋产业升级及经济结构优化、广东省海洋经济统计与核算研究、南珠产业可持续发展战略研究等内容。
●
相关链接 在E读中查询图书 在五车中查询图书 在当当中查询图书 在豆瓣中查询图书


正题名:广东省海洋经济重大问题研究     索取号:F127.65/116         预约/预借

序号 登录号 条形码 馆藏地/架位号 状态 备注
1 0853061   208530614   第一样本阅览室/ [索取号:F127.65/116] 在馆    
2 0853062   208530623   第一借阅区/ [索取号:F127.65/116] 在馆    
唐山师范学院图书馆 欢迎您!
大连网信软件有限公司© 版权所有